00964nam a2200181 a 450000100100000000500170001000800410002704000250006810000380009324502070013126000750033830000200041349000590043371000450049283000620053795201660059999900170076500003347920250131205119.0110830s1946 dr 000 0 spa d aDO-SdBNPbspacBNPHU1 aÁlvarez Pedroso, Armando95900710aNueva revisión de algunos de los que fueronproblemas colombinos :bconferencia pronunciada en el Paraninfo de la Universidad de Santo Domingo el día 17 de abril de 1946 /cArmando Álvarez Pedroso. aCiudad Trujillo :bUniversidad de Santo Domingo,bPol Hermanos,c1946. a27 p. ;c23 cm.1 aPublicaciones de la Universidad de Santo Domingo ;v402 aUniversidad de Santo Domingoeed.937767 0aPublicaciones de la Universidad de Santo Domingov409818 001050718RVaPDbPDcHDd2011-08-30iLF1l0o p33479-10r2020-06-25w2020-06-25y1zPerteneció a la bibliteca personal de Julio Ortega Frier.ZNo se presta c32970d32970